00558nam a2200193 a 450000100060000000300090000600800410001502000150005604000280007108200160009910000230011524500450013826000520018330000110023549000480024665000210029465000180031565000310033319805CO-ViMGA141112s2004 ck r 000 u spa d a9968380806 aCO-ViMGAbspacCO-ViMGA04a347.9 G653p1 aGoldschmidt, James10aPrincipios generales del proceso. vol. 1 aMexico : bEd. Jurídica Universitaria, c2001 a146 p. aClásicos de la Teoria general del proceso14aDERECHO PROCESAL14aPROCESO PENAL14aTEORIA GENERAL DEL PROCESO